000 00577nam a2200205Ia 4500
005 20250923145019.0
008 008 250917s9999 xx 000 0 eng d
037 _aTextual
040 _aDSWL
_beng
_cDSWL
041 _aeng
_2eng
084 _aY115u2.N5, K5
_qDSWL
100 _aShridevi, S.
_9830869
245 2 _aA century of Indian womanhood
_cby S. Shridevi
260 _aMysore
_bRao and Raghavan
_c1965
300 _a447 p.
365 _aINR
_b16.50
925 _g16.50
942 _cTEXL
_hY115u2.N5, K5
999 _c1446058
_d1446058